Quizzes
Events
Quiz Creation
Community
Videos
Private Events
Remove Ads
Sign In
Join for FREE
Feedback
Dark Mode
Quiz Categories
Sports
Geography
Music
Movies
Television
Just For Fun
Miscellaneous
History
Literature
Language
Science
Gaming
Entertainment
Religion
Holiday
For Kids
Quiz Lab
Recent
Popular Today
Quiz Kudos Today
Editor Picks
Curator Picks
Quizzes by...
Day
Popularity
Type
Ratings
Length
Year
Community
Subscriptions
Recent Discussions
Orange Saloon
Badges
Playlists
Quests
Create
Leaderboards
Showdown
Live 5
Trivia Bingo
Activity
Puzzle Library
Sporcle Events
Private Events
Virtual Trivia
Globe League
Become a Host
Pub Owners
SporcleCon
Opinionation
Our Games
Videos
Blog
Mobile Apps
Partnerships
Remove Ads and Go Orange
Feedback
Sports
Athletes
MLB
NBA
NHL
NFL
Soccer
Sports Teams
WWE
NCAA
Football
Premier League
Basketball
Baseball
Hockey
Golf
Tennis
Cricket
Rugby
Auto Racing
Olympics
World Cup
Sports
Athletes
MLB
NBA
NHL
NFL
Soccer
Sports Teams
WWE
NCAA
Football
Premier League
Basketball
Baseball
Hockey
Golf
Tennis
Cricket
Rugby
Auto Racing
Olympics
World Cup
Random Quiz
Search Sporcle
×
Quiz Lab
Quiz Lab
Sports
NBA
Type in answers that appear in a list
Type in answers that appear in a list
Classic
Best Score? Go Orange.
Top 3 Scorers Of Each Team From The 2016-17 NBA Season Stats
Can you name the top 3 scorers from each NBA team from the 2016-17 season?
By
SporcleEXP
15m
90 Questions
105 Plays
105 Plays
105 Plays
Comments
Comments
Give Quiz Kudos
Give Quiz Kudos
-
- Ratings
hide this ad
Replay
Link that replays current quiz
Next Quiz
Link to next quiz in quiz playlist
You Got
0%
They Got
Avg Score
80%
Avg Friend Score
Upgrade to see
Score Distribution
Jump to the score distribution portion of the page
Score
0/90
Timer
15:00
0
Plays Today
Team
Player
% Correct
Cleveland Cavaliers
LeBron James
99%
Cleveland Cavaliers
Kyrie Irving
97.1%
Chicago Bulls
Jimmy Butler
96.2%
Golden State Warriors
Stephen Curry
96.2%
Golden State Warriors
Kevin Durant
96.2%
Atlanta Hawks
Paul Millsap
95.2%
Boston Celtics
Isaiah Thomas
95.2%
Charlotte Hornets
Kemba Walker
94.3%
Dallas Mavericks
Dirk Nowitzki
94.3%
Golden State Warriors
Klay Thompson
94.3%
Brooklyn Nets
Brook Lopez
93.3%
Cleveland Cavaliers
Kevin Love
93.3%
Oklahoma City Thunder
Russell Westbrook
93.3%
Chicago Bulls
Dwyane Wade
92.4%
Houston Rockets
James Harden
92.4%
New Orleans Pelicans
Anthony Davis
92.4%
Portland Trail Blazers
Damian Lillard
92.4%
Boston Celtics
Al Horford
91.4%
Indiana Pacers
Paul George
91.4%
Memphis Grizzlies
Marc Gasol
91.4%
Minnesota Timberwolves
Karl-Anthony Towns
91.4%
New York Knicks
Carmelo Anthony
91.4%
San Antonio Spurs
Kawhi Leonard
91.4%
San Antonio Spurs
Pau Gasol
91.4%
Washington Wizards
John Wall
91.4%
Washington Wizards
Bradley Beal
91.4%
Los Angeles Clippers
Chris Paul
90.5%
Memphis Grizzlies
Mike Conley
90.5%
Toronto Raptors
DeMar DeRozan
90.5%
Los Angeles Clippers
Blake Griffin
89.5%
Team
Player
% Correct
Minnesota Timberwolves
Andrew Wiggins
89.5%
New Orleans Pelicans
DeMarcus Cousins
89.5%
Phoenix Suns
Devin Booker
89.5%
Sacramento Kings
DeMarcus Cousins
89.5%
Toronto Raptors
Kyle Lowry
89.5%
Los Angeles Lakers
D'Angelo Russell
88.6%
Miami Heat
Goran Dragic
88.6%
Miami Heat
Hassan Whiteside
87.6%
Utah Jazz
Gordon Hayward
87.6%
New York Knicks
Kristaps Porzingis
86.7%
Portland Trail Blazers
C.J. McCollum
86.7%
Milwaukee Bucks
Jabari Parker
85.7%
Philadelphia 76ers
Joel Embiid
85.7%
Houston Rockets
Eric Gordon
84.8%
Atlanta Hawks
Dennis Schroder
83.8%
Detroit Pistons
Reggie Jackson
83.8%
Houston Rockets
Lou Williams
83.8%
Los Angeles Lakers
Lou Williams
83.8%
Boston Celtics
Avery Bradley
82.9%
Dallas Mavericks
Harrison Barnes
82.9%
Denver Nuggets
Nikola Jokic
82.9%
San Antonio Spurs
LaMarcus Aldridge
82.9%
Utah Jazz
Rudy Gobert
81.9%
Charlotte Hornets
Nicolas Batum
81%
Indiana Pacers
Jeff Teague
81%
Milwaukee Bucks
Giannis Antetokounmpo
80%
Oklahoma City Thunder
Victor Oladipo
80%
Los Angeles Clippers
J.J. Redick
79%
Phoenix Suns
Eric Bledsoe
79%
Orlando Magic
Serge Ibaka
78.1%
Team
Player
% Correct
Toronto Raptors
Serge Ibaka
78.1%
Minnesota Timberwolves
Zach LaVine
77.1%
New Orleans Pelicans
Jrue Holiday
77.1%
New York Knicks
Derrick Rose
77.1%
Oklahoma City Thunder
Enes Kanter
77.1%
Indiana Pacers
Myles Turner
76.2%
Memphis Grizzlies
Zach Randolph
76.2%
Detroit Pistons
Tobias Harris
75.2%
Milwaukee Bucks
Khris Middleton
72.4%
Sacramento Kings
Rudy Gay
72.4%
Orlando Magic
Nikola Vucevic
71.4%
Denver Nuggets
Danilo Gallinari
70.5%
Utah Jazz
George Hill
70.5%
Brooklyn Nets
Jeremy Lin
67.6%
Detroit Pistons
Marcus Morris
67.6%
Washington Wizards
Markieff Morris
67.6%
Philadelphia 76ers
Robert Covington
63.8%
Portland Trail Blazers
Jusuf Nurkic
61.9%
Denver Nuggets
Wilson Chandler
61%
Los Angeles Lakers
Jordan Clarkson
61%
Orlando Magic
Evan Fournier
61%
Miami Heat
Dion Waiters
58.1%
Dallas Mavericks
Wesley Matthews
57.1%
Atlanta Hawks
Tim Hardaway
53.3%
Chicago Bulls
Taj Gibson
50.5%
Sacramento Kings
Buddy Hield
48.6%
Phoenix Suns
T.J. Warren
42.9%
Charlotte Hornets
Frank Kaminsky
36.2%
Brooklyn Nets
Bojan Bogdanovic
29.5%
Philadelphia 76ers
Ersan Ilyasova
21%
Quiz Playlist
Details
Report
Send in Message
Add To Playlist
Classic:
Type in answers that appear in a list
Last Updated: Jun 26, 2017
Quiz Scoreboard
CHALLENGE
Sign Up to Join the Scoreboard
Show All
Scores
Hide
Comments
May contain spoilers
Recently Published
Billboard Blitz: Fleetwood Mac
by CooCooCachoo
Music
15s
Presidents Visiting Landmarks
by Hejman
History
7m
An Introduction to Baseball
by treessimontrees
Sports
5m
More to Explore
Quiz From the Vault
Featured Blog Post
Where Did the Easter Bunny Come From?
hide this ad
You Might Also Like...
Tags
NBA Quiz
Player
point
Scorer
team
Today's Top Quizzes in Sports
Browse Sports
hide this ad
Today's Top Quizzes in NBA
Browse NBA
Top Contributed Quizzes in Sports
1
Les meilleurs buteurs des matchs entre le PSG et l’OM
2
2022 World Cup Stars
3
FIFA Club World Cup Champions
4
Les entraîneurs de l'OM et du PSG au 21e siècle
5
Criteria MLB: Left Handed Sluggers
6
AFC Teams Reveal (Wrong Answers Minefield)
7
5-to-1: UK Sports Teams
8
Name the Premier League winners with different clubs
9
5-to-1: FBS Animal Nicknames
10
Players with Multiple 50 Home Run Seasons
Explore More
Trending Topics
Harry Potter
Disney
Marvel
Crossword
Kpop
NBA
Anime
Country
Soccer
Puzzle
The Office
Song
WWE
NFL
Pokémon
hide this ad
More By:
SporcleEXP
Quiz
Plays
Rating
Category
Featured
Created
Harry Potter Deaths in Order Minefield
3,068,296
4.18
Literature
Jan 27, 2016
Sins, Dwarfs, and Spice Girls
847,273
4.42
Just For Fun
Apr 11, 2012
Ancient History Bunker
708,126
4.28
History
Jan 20, 2014
Movie Posters VI
679,011
4.37
Movies
Nov 12, 2010
Movie Posters VII
621,841
4.44
Movies
Apr 16, 2011
Go to Creator's Profile
Score Distribution
Quiz Creator Spotlight
SporcleEXP
Follow
Send a Message
Quizzes Created
-
Created Quiz Play Count
-
More By This Creator
Popular Quizzes Today
1
Find the US States - No Outlines Minefield
2
Find the Countries of Europe - No Outlines Minefield
3
The Countries of the World
4
Find the US States
5
Risky Map Clicking: Biggest States A-Z
6
US States
7
Popular People in 1961
8
Movies - When Are They Set?
More Sports Quizzes
Ricky Ponting's Partners in Century ODI Stands
Quiz Lab
Trending Quizzes
Risky Map Clicking: Least Populous States A-Z
1-10 Letter G Words
1-10 Letter F Words
Risky Map Clicking: Next State Alphabetically
Risky Map Clicking: Biggest States A-Z
Recently Updated
Leaping Animals
pecheneg
Reality TV Shows (A-Z)
bhenderson79
Rickey Henderson's Hall of Fame Teammates
pecheneg
Champions League XIs: Arsenal
pecheneg
Quick Pick: Celebrities in WWE's Hall of Fame
aduchscher
A-Z Keypad Blitz II
pecheneg
Multiple Oscar Actors
pecheneg
Mystery Phrase Blitz: Oscar 'Best Actors'
pecheneg
F. Scott Fitzgerald Novels
LTH
Pick 3 Villains
ddd62291
Trending Topics
Anime
Disney
Harry Potter
Kpop
Marvel
Crossword
NBA
The Office
NFL
Country
Puzzle
Song
Soccer
WWE
Pokémon
Your Account Isn't Verified!
In order to create a playlist on Sporcle, you need to verify the email address you used during registration. Go to your
Sporcle Settings
to finish the process.
Report this User
Report this user for behavior that violates our
Community Guidelines
.
Details:
Send Report
Go to the Sporcle.com Mobile Site →
Comments